| 000 | 00849nam a22002177a 4500 | ||
|---|---|---|---|
| 005 | 20210325204347.0 | ||
| 008 | s2552 th tha d | ||
| 020 | _a9786169005049 | ||
| 041 | _atha | ||
| 050 | _aPL3275 ส64 ป966ป 2552 | ||
| 100 | 0 | _aไป่ลี่หมิง | |
| 245 | 1 | 0 | _aเปิดใจเล่าปี่ : ใจที่ซื้อคนได้ทั้งแผ่นดิน |
| 260 | 3 |
_aกรุงเทพฯ _c2552 |
|
| 300 |
_a157 หน้า : _b ภาพประกอบ ; _c 21 ซม. |
||
| 500 | _a369681 ฉ.1 | ||
| 650 | 0 | 4 | _aสามก๊ก -- ตัวละคร |
| 850 | _aNALT | ||
| 942 | _cGB | ||
| 997 | _c000000000060637 | ||
| 998 | _aนางสาวจำเรียง ประสงค์ดี | ||
| 999 |
_c60637 _d60637 |
||